| 000 | 01526cam a2200421Ia 4500 | ||
|---|---|---|---|
| 001 | ocn773735548 | ||
| 003 | FISKH | ||
| 005 | 20250815103711.0 | ||
| 008 | 120124s2011 nyua j 001 0 eng d | ||
| 010 | _a2010037791 | ||
| 020 | _a9780545390781 | ||
| 020 | _a0545390788 | ||
| 020 | _a9780545392143 | ||
| 020 | _a0545392144 | ||
| 040 |
_aJN9 _cJN9 _dOCLCA _dXY4 _dOCLCO _dOCLCF |
||
| 050 |
_aSF446.5 _b .C383 2011 |
||
| 082 | _a636.8 | ||
| 100 | 1 |
_aCarney, Elizabeth, _d1981- |
|
| 245 | 1 | 0 |
_aCats vs. dogs / _cElizabeth Carney. |
| 246 | 3 | _aCats versus dogs | |
| 260 |
_aNew York : _bScholastic, _c[2011] |
||
| 300 |
_a48 p. : _bcol. ill. ; _c23 cm. |
||
| 490 | 1 | _aNational Geographic readers. Level 3 | |
| 490 | 1 | _aNational Geographic Kids. | |
| 500 | _aIncludes index. | ||
| 505 | 0 | _aCats vs. dogs -- Senses -- Diet -- Communication -- 10 cool things about dogs and cats -- Behavior -- Final showdown -- Glossary. | |
| 520 | _aEver since the first youngster in history had a pet, cats vs. dogs has been a hotly debated issue at recesses and lunch tables worldwide. Which one's better? Smarter? | ||
| 521 | 8 |
_a770 _bLexile. |
|
| 521 | 8 |
_a R _bRaz-Plus |
|
| 650 | 0 |
_aCats _vJuvenile literature. |
|
| 650 | 0 |
_aDogs _vJuvenile literature. |
|
| 650 | 7 |
_aCats. _2fast _0(OCoLC)fst00849374 |
|
| 650 | 7 |
_aDogs. _2fast _0(OCoLC)fst00896265 |
|
| 655 | 7 |
_aJuvenile works. _2fast _0(OCoLC)fst01411637 |
|
| 830 | 0 |
_aNational Geographic readers. _nLevel 3. |
|
| 830 | 0 | _aNational Geographic kids. | |
| 942 |
_2lcc _cMAG/NEWS _n0 |
||
| 999 |
_c9 _d9 |
||